| 000 | 00544nam a2200181 a 4500 | ||
|---|---|---|---|
| 001 | 587 | ||
| 003 | CDMR | ||
| 005 | 20131021105820.0 | ||
| 008 | 130130s1964||||||||||||||||||||||||||||d | ||
| 040 |
_aCDMR _bcat _cCDMR |
||
| 100 | 1 |
_aRosenblat, Angel _9435 |
|
| 245 | 1 | 0 |
_aCorrección de pruebas _b: incluyendo nuevas normas ortográficas y prosódicas de la Academia Española _cpor Ángel Rosenblat |
| 260 |
_aCaracas _c1964 _bArte |
||
| 300 |
_a53 p. _c16 cm |
||
| 490 | 0 | _a53 p. | |
| 650 | 0 | 4 |
_94139 _aCorrecció de proves d'impremta |
| 942 |
_cMON _2udc |
||
| 999 |
_c587 _d587 |
||